Le Havre - Choix multiples - Statistiques

Statistiques générales
  • Ce quiz a été pris 2 176 fois
    1 972 depuis la dernière actualisation
  • Le résultat moyen est 7 sur 10
Statistiques - réponses
Question Réponse % Correct
Dans quel domaine économique Le Havre joue-t-il un rôle majeur en France et en Europe ? Le Commerce maritime
95%
Dans quel département se situe la ville du Havre ? Seine-Maritime
83%
Laquelle de ces images ne représente pas la ville du Havre ?
70%
En quelle année la ville du Havre a-t-elle été lourdement bombardée par le Royaume-Uni ? 1944
68%
Quel roi de France fonda la ville du Havre en 1517 ? François Ier
65%
Quel est le nom du stade du Havre inauguré en 2012 ? Stade Océane
63%
Quel célèbre architecte fut chargé de reconstruire la ville après les bombardements du Royaume-Uni ? Auguste Perret
54%
Quelle animal est représenté sur le logo du HAC ? Une Salamandre
52%
Quelle grande course transatlantique en double part chaque année paire du port du Havre ? La Transat Café L'Or
51%
Quel président de la République française est né au Havre en 1882 ? René Coty
51%
Aucun quiz correspondant
Distribution des résultats
% des personnes avec chaque résultat
Percentile par nombre de réponses
Votre historique - résultats
Vous n’avez pas pris ce quiz depuis la dernière actualisation